Formulae Merowingici et Karolini Aevi / (Record no. 154131)

MARC details
000 -LEADER
campo de control de longitud fija 00772nam a2200205 4500
001 - NÚMERO DE CONTROL
campo de control 154131
003 - IDENTIFICADOR DE NÚMERO DE CONTROL
campo de control ES-MaACL
005 - FECHA Y HORA DE LA ÚLTIMA TRANSACCIÓN
campo de control 20230906205533.0
008 - DATOS DE LONGITUD FIJA--INFORMACIÓN GENERAL
campo de control de longitud fija 941229s1886 gw |||| | lat d
040 ## - FUENTE DE CATALOGACIÓN
Centro catalogador/agencia de origen EUS
Lengua de catalogación spa
Centro/agencia transcriptor EUS
245 00 - MENCIÓN DEL TÍTULO
Título Formulae Merowingici et Karolini Aevi /
Mención de responsabilidad, etc. edidit Karolus Zeumer.
260 ## - PUBLICACIÓN, DISTRIBUCIÓN, ETC.
Lugar de publicación, distribución, etc. Hannoverae :
Nombre del editor, distribuidor, etc. Impensis Bibliopolii Hahniani,
Fecha de publicación, distribución, etc. 1886 (
Fabricante Typis Culemannorum)
300 ## - DESCRIPCIÓN FÍSICA
Extensión XX, 782 p. ; 32 cm.
490 1# - MENCIÓN DE SERIE
Mención de serie Monumenta Germaniae Historica. Legum Sectio V
505 8# - NOTA DE CONTENIDO CON FORMATO
Nota de contenido con formato Contiene además: Ordines iudiciorum dei
700 11 - ENTRADA AGREGADA--NOMBRE PERSONAL
Nombre de persona Zeumer, Carl, ed.lit.
9 (RLIN) 134040
830 0# - PUNTO DE ACCESO ADICIONAL DE SERIE-TÍTULO UNIFORME
Título uniforme Monumenta Germaniae Historica. Legum Sectio V
9 (RLIN) 221461
852 ## - LOCALIZACIÓN
Ubicación ES-MaACL
Número de control de estantería D-8808
Nota libre -- Enc. pasta española conservando la cub. original
Holdings
Estatus retirado Estado de pérdida Estado de daño No para préstamo Colección Biblioteca de origen Biblioteca actual Ubicación en estantería Fecha de adquisición Fuente de adquisición Total de préstamos Signatura topográfica completa Código de barras Visto por última vez Precio de reemplazo Tipo de ítem Koha
        Libros del s. XIX Biblioteca del Ateneo de Madrid Biblioteca del Ateneo de Madrid Sala Valle Inclán 17/01/2008     D-8808 901161165 23/02/2023 23/02/2023 Libro impreso antiguo